Responses for show #8152 - Tuesday, February 4, 2020

Contestants

[<< previous game]

Nipun Tulshian, an investment analyst from New York, New York

Kathryn Flucht, an accounting student from Canton, Michigan

Travis Gaylord, a management consultant from Wynnewood, Pennsylvania (whose 1-day cash winnings total $14,801)

[next game >>]

Jeopardy! Round responses

AROUND OHIO
WHERE DOES IT HURT?
GIVE US ONE LETTER
IRRITABLE OWL SYNDROME
MONUMENTAL TELEVISION
IN THE ENVIRONMENT
(Alex: Each correct response is comprised of the letters that you find in the word "environment".)
    $200 26
Erie

Travis
    $200 12
skin

Kathryn
    $200 10
T

Travis
    $200 21
[ERRATUM: It is Hallows.]

Hedwig

Kathryn
    $200 18
Fonz

Travis
    $200 28
[The end-of-round signal sounds.]

Metro

Travis
    $400 27
Canton

Nipun
    $400 15
(Kathryn: Uh... sorry.)

the liver

Kathryn
Triple Stumper
    $400 20
G

Travis
    $400 22
a screech owl

Kathryn
    $400 3
Bewitched

Travis
    $600 11
Johnny Appleseed

Nipun
    $600 14
teeth

Kathryn
    $600 7
(Alex: "[*]" for king.)

K

Nipun
    $600 25
pollute

Travis
    $600 19
Dodge City

Triple Stumper
    $800 1
Cleveland

Travis
    $800 9
joint

Nipun
    $800 5
(Travis: What is X?)

Q

TravisKathryn
    $800 24
(Nipun: What is a Tootsie Roll?)

a Tootsie Pop

KathrynNipun
    $800 17
Burbank

Nipun
    $800 4
(Nipun: A vineyard.)

a vintner

Nipun
Triple Stumper
    $1000 2
Lima

Nipun
    $1,000 13
(Kathryn: Um, what is... uh...)

muscles

Kathryn
    $1000 6
(Kathryn: What is T?)
...
(Alex: The Model T preceded it.)

A

Kathryn
Triple Stumper
    $1000 23
(Kathryn: What is the Hundred Acre Woods?)
[Kathryn's response was accepted as correct.]
...
(Alex: Less than a minute now.)

the Hundred Acre Wood

Kathryn
    $1000 16
(Travis: What is...)
...
(Alex: You have to remember The Honeymooners. [*].)

Ralph Kramden

Travis
Triple Stumper
    $1000 8
Orient

Travis

Scores at the first commercial break (after clue 15):

Travis Kathryn Nipun
$1,600 -$800 $2,200

Scores at the end of the Jeopardy! Round:

Travis Kathryn Nipun
$2,200 $1,600 $2,600

Double Jeopardy! Round responses

APOSTOLIC NAMES
NEWER WORLD HERITAGE SITES
HELLO!
I ALSO COMPOSE FILM MUSIC
ADMIRABLE ADMIRALS
TL;DR
(Alex: Too long; didn't read.)
    $400 8
Judas

Kathryn
    $400 22
the Lake District

Triple Stumper
    $400 2
shalom

Nipun
    $400 7
Mobile

Travis
    $400 13
War and Peace

Nipun
    $800 11
(Alex: Yes. [*] Luck.)

Andrew

Nipun
    $800 12
a glacier

Travis
    $800 19
g'day

Nipun
    $800 16
"This Is America"

Kathryn
    $800 6
George Dewey

Triple Stumper
    $800 15
Don Quixote

Nipun
    $1200 1
Simon

Nipun
    $1200 20
Hawaiian

Triple Stumper
    $1200 17
drums

Triple Stumper
    $3,000 3
(Nipun: What is Southampton?)
...
(Alex: And the other ship was the Mayflower.)

Plymouth

Nipun
    $1200 14
Bleak House

Triple Stumper
    $1600 10
Bartholomew

Kathryn
    $1600 21
que pasa

Nipun
    $1600 26
Clint Eastwood

Triple Stumper
    $1600 5
Korea

Travis
    $1600 18
The Count of Monte Cristo

Nipun
    $2,000 9
(Kathryn: What is, uh...)

James

Kathryn
    $2000 27
[The end-of-round signal sounds.]

Olivetti

Triple Stumper
    $2000 24
(Kathryn: What is jambo?)
...
(Alex: Less than a minute now, Kathryn.)

mambo

Kathryn
Triple Stumper
    $2000 25
Prokofiev

Triple Stumper
    $2000 4
(Nipun: Who is Nimitz?)

Hyman Rickover

Nipun
Triple Stumper
    $2000 23
Infinite Jest

Kathryn

Scores at the end of the Double Jeopardy! Round:

Travis Kathryn Nipun
$5,000 $2,400 $5,200

[wagering suggestions for these scores]

Final Jeopardy! Round responses

WORLD MAMMALS
KathrynWhat is the kiwi
$2,399
TravisWhat is a platypus?
$201
NipunWhat is a kangaroo
$5,200
a (duck-billed) platypus

Final scores:

Travis Kathryn Nipun
$5,201 $1 $0
2-day champion: $20,002 2nd place: $2,000 3rd place: $1,000

Game dynamics:

Coryat scores:

Travis Kathryn Nipun
$5,000 $5,400 $8,200
12 R,
2 W
11 R,
5 W
(including 2 DDs)
14 R,
4 W
(including 1 DD)

Combined Coryat: $18,600

The J! Archive is created by fans, for fans. The Jeopardy! game show and all elements thereof, including but not limited to copyright and trademark thereto, are the property of Jeopardy Productions, Inc. and are protected under law. This website is not affiliated with, sponsored by, or operated by Jeopardy Productions, Inc. Join the discussion at JBoard.tv.